[Event "Hamburg m"]
[Site "Hamburg"]
[Date "1999.10.18"]
[Round "3"]
[White "Bunzmann, Dimitrij"]
[Black "Leko, Peter"]
[Result "1/2-1/2"]
[WhiteElo "2596"]
[BlackElo "2701"]
[Annotator "Krasenkow,M"]
[PlyCount "101"]
[EventDate "1999.10.16"]
[EventType "match"]
[EventRounds "6"]
[EventCountry "GER"]
[SourceTitle "CBM 074"]
[Source "ChessBase"]
[SourceDate "2000.02.01"]
[SourceVersion "1"]
[SourceVersionDate "2000.02.01"]
[SourceQuality "1"]

1. d4 Nf6 2. c4 g6 3. Nc3 d5 4. Nf3 Bg7 5. cxd5 Nxd5 6. e4 Nxc3 7. bxc3 c5 8.
Rb1 O-O 9. Be2 Qa5 {This line is now out of fashion despite the fact that
White hasn't proven any real advantage so far.} 10. Rb5 {A very rare line.
This rook will not be safe on c5.} (10. O-O Qxa2 11. Bg5 {is the main variation
}) 10... Qxc3+ (10... Qxa2 11. Rxc5 {is playable but a bit risky for Black as
White's pawn centre is now safe. If he doesn't use the exposed position of the
white rook, he can get into trouble.} Nd7 (11... b6 12. Bc4 (12. Rc7 e6 13. O-O
Ba6 14. c4 Rd8 15. Bg5 Rd7 16. Rxd7 Nxd7 17. Qd3 $16 {Schmittdiel,E-Lazarev,V/
AUT-chT2S 1993/1-0 (57)}) 12... Qa1 13. Bxf7+ Kh8 14. Rc4 Ba6 15. Ra4 Qxc3+ 16.
Bd2 Qd3 17. Bd5 Nd7 18. Be3 $16 {Nemet,I-Bogdanovic,R/Liechtenstein 1985}) (
11... Qe6 12. Ng5 Qb6 13. O-O Bd7 14. Ba3 Na6 15. Rd5 Bc6 16. Bxe7 Bxd5 17.
exd5 Rfe8 18. d6 Bf8 $13 {1/2-1/2 Paschall,W-Song,P/Philadelphia World op 1995
(26)}) (11... Bd7 12. Bc4 Qa1 13. Bd2 {(...) 0-1 Sutter,O-Hort,V/SUI-chT 1995})
12. Rb5 a5 (12... Nb6 13. O-O Bd7 14. Rb2 Qe6 15. Ng5 Qc6 16. Bd2 h6 17. Bb5
Qc7 18. Nf3 Bc6 19. Qe2 e6 20. Rfb1 Bxb5 21. Rxb5 Rfc8 22. h4 {Molina,J-De
Franca,G/2nd Itau Mercosul Cup 1998/1-0 (39)}) 13. Rb3 Nf6 14. Nd2 Bd7 15. Ra3
Qe6 16. e5 Nd5 17. c4 Nb4 18. Bf3 Ra7 19. Bb2 b5 20. d5 Qb6 $13 {Akopyan,
H-Braylovsky,G/USA-ch (junior) 1999/1/2-1/2 (59)}) 11. Bd2 Qa3 12. Ra5 {
It is essencial to remove the black queen from a3.} (12. Rxc5 Nc6 13. Rc4 Bg4
14. d5 Bxf3 15. gxf3 Nd4 (15... Ne5 $1) 16. Bb4 Qb2 17. Qd2 Qb1+ 18. Rc1 $2 (
18. Qd1 $1 Nc2+ 19. Kf1 $1 Qxd1+ 20. Bxd1 Nxb4 21. Rxb4 $11 {Atalik,S}) 18...
Nc2+ 19. Qxc2 Qxb4+ 20. Kf1 Rab8 $1 $17 {Gligoric,S-Atalik,S/Yugoslavia 1998/
0-1 (43)}) 12... Qb2 13. Rxc5 Na6 {A novelty. Certainly, a6 is not the best
position for the black knight; besides, Black has no extra pawn as a
compensation. However, he has good development and chances to gain the c-file
for his rooks.} (13... Nc6 {is not so worthwhile here because of} 14. d5 {
this move was not possible without 12.Ra5} Nd4 15. Nxd4 Bxd4 (15... Qxd4 16.
Rc4 Qb2 17. O-O Qxa2 18. Bb4 Bd7 19. Bxe7 Rfc8 20. Rxc8+ Rxc8 21. Bg4 f5 22.
exf5 gxf5 23. Bf3 Qc2 24. Qe1 Bc3 25. Qe3 Qd2 26. d6 Qxe3 27. fxe3 b5 28. Bd5+
Kg7 29. g4 Rc5 30. Rd1 fxg4 31. Be6 $1 {Danner,G-Pribyl,J/Stary Smokovec 1981/
1-0 (51)}) 16. Rc4 Bf6 {protecting the e7 pawn} (16... Bg7 17. O-O b6 18. Rc2
Qd4 19. Bc3 Qxe4 20. Bf3 Qa4 21. Bxg7 Kxg7 22. d6 Bf5 23. Rc7 Qxd1 24. Rxd1
Rac8 25. Rxe7 a5 26. d7 Rb8 27. Rd6 b5 28. Bd5 {1-0 Danner,G-Schmidt,W/Wroclaw
1985 (39)}) 17. Qc2 (17. O-O $5) 17... Qxc2 18. Rxc2 e6 19. Bc4 Re8 20. O-O Bd7
21. Rfc1 Rac8 22. Be3 a6 23. f3 exd5 24. Bxd5 Rxc2 25. Rxc2 Rc8 26. Rd2 Bc6 {
1/2-1/2 Shamkovich,L-Gheorghiu,F/Cleveland 1975 (37)}) (13... Qxa2 {is the
main line:} 14. O-O Bg4 (14... Qe6 15. Bc4 (15. Qc2 Na6 16. Rc3 Qd6 17. Rb1 Nb4
18. Qa4 Nc6 19. e5 Qd8 20. Be3 Bd7 21. Rxb7 Nxe5 {= Gavrikov,V-Mikhalchishin,A/
USSR (ch) 1981 (26)}) 15... Qd6 16. Qc1 Nd7 17. e5 Qb8 18. e6 $1 $16 {
Delmas-Gorlinger/corr 1984}) 15. d5 Nd7 16. Ra5 Qb2 17. Rb5 Qa2 18. Bg5 Nf6 19.
Qd3 b6 20. e5 Bf5 21. Qd2 Qxd2 22. Nxd2 Nd7 23. g4 Bc2 24. Rb2 Rfc8 25. Ba6 Rc5
26. Bxe7 {1/2-1/2 Groszpeter,A-Pavlov,M/Thessaloniki 1981}) 14. Rc2 (14. Rb5 $5
Qxa2 15. O-O) 14... Qb6 15. O-O Bg4 {Black would gladly provoke d4-d5 to
obtain the c5 square for his knight.} 16. Be3 Rfc8 17. d5 Qa5 18. Rxc8+ Rxc8
19. Qb1 Nc5 {The knight has entered the game; Black should not have any
problems neutralizing White's bishop pair.} 20. h3 Bxf3 21. Bxf3 {[%cal Yf3g4]}
Qc7 22. Bxc5 $6 {White wins a pawn but has no chances to win the game as his
remaining bishop is extremely passive. Moreover, it is Black who regains the
initiative.} (22. Bg4 $5 {was certainly better but after} Rd8 23. Rc1 b6 {
[%cal Yc7e5,Yg7e5]} 24. f4 Qd6 {White hardly has any real advantage.}) 22...
Qxc5 23. Qxb7 Be5 24. Be2 Rb8 25. Qc6 Qd4 26. Qc4 Rb4 27. Qxd4 Rxd4 28. Rd1 (
28. f3 Ra4) 28... Rxe4 {It is now Black who can play for a win as White's d5
pawn restricts the possibilities of his bishop, and the a2 pawn is also weak.
However, the drawish power of opposite-coloured bishops is too great.} 29. Rd2
h5 30. Kf1 Kg7 31. Rc2 Rd4 32. Bc4 Bd6 33. Bb3 Rd1+ 34. Ke2 Rg1 35. Kf3 g5 36.
Rd2 f5 37. g3 Re1 {Black tries to maintain an active position of his rook but
is eventually forced to exchange it.} (37... g4+ 38. hxg4 hxg4+ 39. Ke2 {
[%cal Yd2d1]}) 38. Rd1 Re5 39. Rd3 Bc5 40. Rc3 g4+ 41. hxg4 hxg4+ 42. Kg2 Bd6 (
42... Bb6 43. Kf1) 43. Re3 Rxe3 44. fxe3 Kf6 45. Kf2 Ke5 46. Bc2 a5 47. a4 Bb4
48. Ke2 Bc3 49. Bb1 Bb2 50. Bc2 Bc1 51. Bb1 1/2-1/2

[Event "Hamburg m"]
[Site "Hamburg"]
[Date "1999.10.16"]
[Round "1"]
[White "Bunzmann, Dimitrij"]
[Black "Leko, Peter"]
[Result "1/2-1/2"]
[WhiteElo "2596"]
[BlackElo "2701"]
[Annotator "Krasenkow,M"]
[PlyCount "59"]
[EventDate "1999.10.16"]
[EventType "match"]
[EventRounds "6"]
[EventCountry "GER"]
[SourceTitle "CBM 074"]
[Source "ChessBase"]
[SourceDate "2000.02.01"]
[SourceVersion "1"]
[SourceVersionDate "2000.02.01"]
[SourceQuality "1"]

1. d4 Nf6 2. c4 g6 3. Nc3 d5 4. Nf3 Bg7 5. cxd5 Nxd5 6. e4 Nxc3 7. bxc3 c5 8.
Rb1 O-O 9. Be2 cxd4 10. cxd4 Qa5+ 11. Bd2 Qxa2 12. O-O Bg4 13. Bg5 h6 14. Be3 {
Comparing to the immediate 13.Be3, the position of the black pawn on h6 helps
White in some variations; still, this line looks quite harmless.} Nc6 15. d5
Bxf3 (15... Na5 16. Bc5 Bf6 17. e5 Bxe5 18. Rb4 Bxf3 19. Bxf3 Rae8 20. Be3 {
[%cal Rb4a4,Re3h6] and the h6 pawn is hanging. This line was played in two
games Kramnik-Anand and proved to be dangerous for Black.}) 16. Bxf3 Ne5 17.
Bc5 (17. Rxb7 e6 18. Qe2 $1 {is the crucial line} (18. dxe6 Nxf3+ 19. Qxf3 Qxe6
20. Rxa7 Rxa7 21. Bxa7 {is harmless. Although after} Re8 22. Re1 f5 23. Qe3
fxe4 24. f3 {White wins the e4 pawn, he has no chances to win the game, e.g.}
Qc4 25. fxe4 Re7 26. Kh1 Qc3 27. Bc5 Rc7 28. Rc1 Qxe3 29. Bxe3 Rxc1+ 30. Bxc1
h5 31. Kg1 Kf7 {1/2-1/2 Bunzmann,D-Leko,P/Hamburg m 1999(5)}) 18... Nxf3+ 19.
Qxf3 exd5 (19... a5 20. Rfb1 Rad8 21. Rd1 Rb8 22. Rxb8 Rxb8 23. d6 Rd8 24. h4
Rd7 25. Bf4 Qb2 26. e5 Bxe5 27. Qa8+ Kh7 28. Qe8 Qe2 29. Bxe5 {1-0 Shneider,
A-Ostenstad,B/World Cities, Jakarta INA 1997}) 20. exd5 a5 21. Rfb1 Qc2 22. Bf4
(22. d6 $5) 22... Qc3 23. Qxc3 {1/2-1/2 Kramnik,V-Anand,V/Amber Rapid, Monte
Carlo MON 1998}) 17... Bf6 18. Rxb7 Rfb8 {This leads to easy equality as White
has nothing better than liquidating into the endgame.} 19. Qb1 Qxb1 20. Rfxb1
Rxb7 21. Rxb7 Rc8 22. Be3 a5 23. Ra7 (23. Bxh6 g5 {[%csl Rh6]}) 23... Bg5 $5 {
In this line the h6 pawn proved useful for Black.} 24. Bxg5 hxg5 25. h3 Kf8 26.
Rxa5 Rc1+ 27. Kh2 Rc2 28. Kg1 Rc1+ 29. Kh2 Rc2 30. Kg1 (30. Kg3 f5 $1) 1/2-1/2

[Event "Chigorin Memorial 07th"]
[Site "St Petersburg"]
[Date "1999.11.08"]
[Round "7"]
[White "Kruppa, Yuri"]
[Black "Eljanov, Pavel"]
[Result "1-0"]
[WhiteElo "2603"]
[BlackElo "2447"]
[Annotator "Krasenkow,M"]
[PlyCount "73"]
[EventDate "1999.11.02"]
[EventType "swiss"]
[EventRounds "9"]
[EventCountry "RUS"]
[SourceTitle "CBM 074"]
[Source "ChessBase"]
[SourceDate "2000.02.01"]
[SourceVersion "1"]
[SourceVersionDate "2000.02.01"]
[SourceQuality "1"]

1. d4 Nf6 2. c4 g6 3. Nc3 d5 4. cxd5 Nxd5 5. e4 Nxc3 6. bxc3 Bg7 7. Bb5+ c6 8.
Ba4 O-O 9. Ne2 Be6 {This move is very logical: White has released his control
of the c4 square; then why not to seize it?} 10. Bb3 {White immediately swaps
the black bishop without even waiting for ...Be6-c4} (10. h4 {is not quite
appropriate as White can't create any attack without his light-squared bishop.}
Bc4 11. Bb3 Bxb3 12. Qxb3 Qb6 13. h5 e5 14. hxg6 {1/2-1/2 Kramnik,V-Kamsky,G/
Dortmund 1993}) (10. O-O {is the main line:} Qa5 $5 {An interesting move
introduced by GM Suat Atalik. Its main idea is to avoid the pawn recapture on
b3. Black is now threatening to seize the c4 square with 11...Bc4 and 12...Qa6}
(10... b5 11. Bb3 Bxb3 12. axb3 Nd7 13. e5 $5 {[+]()} (13. Ra6 $6 Qc8 (13... c5
$132 14. Qd3 $140 $2 cxd4 15. cxd4 Nc5 $1 $19 {Stohl,I}) 14. Ra2 a5 15. c4 bxc4
16. bxc4 Qa6 17. Qc2 e5 18. dxe5 Nxe5 19. Ra4 Rfd8 20. Bb2 Qb6 21. Bc3 Nd3 22.
Bxg7 Kxg7 23. Ra2 Kg8 $17 24. Nc1 Nb4 25. Qb3 Qc5 26. Re2 Rd4 {0-1 Ulibin,
M-David,A/26th Rilton Cup, Stockholm SWE 1998 (41)}) 13... Qc7 (13... c5 14. e6
$1 fxe6 15. Nf4 Qb6 16. Re1 e5 17. dxe5 Qc6 18. Nd5 $36) 14. Qd3 a6 $6 (14...
Rfd8 15. Qh3 e6 16. Bg5 Re8 17. Ng3 c5 $132 {[+] Stohl,I}) 15. f4 e6 16. c4 $1
Rfd8 17. Ba3 (17. Bd2 $142 {Stohl,I}) 17... bxc4 18. bxc4 c5 19. d5 f6 20. Nc3
fxe5 21. dxe6 Nf6 22. Nd5 $13 {1-0 Stohl,I-Berebora,F/Hrvatska 1997 (33)}) (
10... Bc4 11. Bb3 Bxb3 {Black doesn't worry about the loss of a tempo.} (11...
Ba6 12. e5 c5 13. Re1 cxd4 14. cxd4 Nc6 15. Bb2 Nb4 16. Nf4 Bh6 17. Bc1 Bg7 18.
d5 g5 19. Nh5 Nd3 20. Bxg5 Bxe5 21. Bh6 Bxh2+ 22. Kxh2 Qd6+ 23. Kg1 Qxh6 24.
Rxe7 Qg5 25. Re3 $16 {1-0 Jelen,I-Kodric,M/Bled op 1994 (29)}) 12. Qxb3 (12.
axb3 $1 {is certainly better}) 12... Qb6 13. Qc2 Nd7 14. e5 e6 15. Be3 c5 16.
Qe4 Qa6 17. Nf4 {1/2-1/2 Fedorowicz,J-Kamsky,G/Philadelphia World op 1993}) 11.
Bb3 (11. Re1 Bc4 12. Bb3 Bxe2 13. Qxe2 Qxc3 14. Ba3 Re8 15. Bb2 Qa5 16. d5 Bxb2
17. Qxb2 Nd7 18. Re3 Nc5 $17 19. h4 cxd5 20. exd5 Qa6 21. Rf3 Rad8 22. h5 Nxb3
23. hxg6 fxg6 24. Qxb3 Qb6 25. Qxb6 axb6 26. Rb1 Rxd5 27. Rxb6 Rd1+ 28. Kh2 Rd2
29. Rxb7 Rxa2 30. Re3 Rxf2 31. Rexe7 {1/2-1/2 Tyomkin,D-Ftacnik,L/5th Wichern
op 1999}) (11. e5 Nd7 12. Bb3 Bxb3 13. Qxb3 Qa6 14. Ng3 c5 15. f4 cxd4 16. cxd4
Rfc8 17. Rd1 Rc4 18. Ba3 e6 19. Ne4 Qc6 $15 {Black has created a strong
pressure on the queenside.} 20. Qd3 f5 21. exf6 Nxf6 22. Nc5 b5 23. Qe2 Re8 24.
Bb2 Nd5 25. g3 Nc3 $17 {Aleksandrov,A-Krasenkow,M/Rubinstein mem 34th 1997/1/
2-1/2 (67)}) 11... Bxb3 12. Qxb3 Qa6 13. Re1 c5 14. Rb1 Nc6 (14... cxd4 15.
cxd4 Nc6 16. d5 Na5 17. Qa4 b6 18. Ba3 Rfe8 19. Rbc1 b5 $1 20. Qc2 Rac8 21. Qb1
Nc4 $36 {Atalik,S}) 15. Qxb7 Qxb7 16. Rxb7 cxd4 17. cxd4 Nxd4 18. Nxd4 Bxd4 19.
Rxe7 Rac8 $6 (19... Rfc8 $11 {[%cal Yc8c2] Atalik,S}) 20. Rd7 Bb6 21. Bh6 Rfe8
22. Kf1 Rc2 23. Rd2 Rc4 24. Rde2 $16 {Dao Thien Hai-Atalik,S/Hoogovens-B 1997/
1/2-1/2 (65)}) 10... Bxb3 11. axb3 {This is an improvement of White's pawn
structure (a pawn moves towards the centre).} (11. Qxb3 {is completely
harmless:} b5 (11... Qb6 $11) 12. O-O Nd7 13. f4 (13. Bg5 Nb6 $11 {/\ Nc4})
13... Nb6 14. f5 Nc4 15. fxg6 fxg6 16. Bg5 Qd7 17. h3 e5 18. dxe5 Bxe5 $15 19.
Rfd1 Qf7 20. Rf1 Qc7 21. Bh6 Bg7 22. Bxg7 Kxg7 23. Nd4 Kh8 24. Qb4 Rxf1+ 25.
Rxf1 c5 {1/2-1/2 Werbeck,T-Coenen,N/NRW-I 1995}) 11... e5 {Black has
apparently decided to punish White for 10.Bb3 at once.} (11... c5 $6 {is
dubious as Black can't easily recapture this pawn, which can be supported with
b3-b4 (this is the difference from the "normal" Gruenfeld structure!):} 12.
dxc5 Qxd1+ 13. Kxd1 Na6 14. Be3 Rfc8 15. Ra5 Nb8 16. Kc2 Nc6 17. Ra4 b6 18.
cxb6 axb6 19. Rxa8 Rxa8 20. Nd4 Rc8 21. Nb5 f5 22. Rd1 fxe4 23. Rd7 Be5 24. h3
Kf8 25. Rb7 Nb4+ 26. Kd2 {Sakaev,K-Sobolewski,P/Leningrad 1990/1-0 (46)}) (
11... Nd7 {is normal and leads to an equal position, e.q.} 12. Ra2 (12. O-O c5)
12... e6 13. O-O c5 14. Be3 cxd4 15. Nxd4 Qe7 16. Rd2 Rfd8 17. Qb1 Rac8 18. c4
a6 19. Rfd1 Nb8 20. h3 Rd7 21. Nf3 Rxd2 22. Rxd2 Nc6 23. Qd1 Rd8 24. Rxd8+ Qxd8
25. Qxd8+ Nxd8 26. Bb6 {Ionescu,C-Jansa,V/Odorheiu zt 1995/1/2-1/2 (39)}) 12.
dxe5 (12. d5 $5 Qh4 13. Qc2 Nd7 {Black agrees to weaken his pawns relying on
his active piece play.} 14. dxc6 bxc6 15. O-O Rfd8 16. Be3 Bh6 17. Bxh6 Qxh6
18. Rfd1 Nc5 19. b4 Ne6 20. Rxd8+ Rxd8 21. Rd1 Qh4 22. f3 Qg5 23. Kf2 Qh4+ 24.
Kg1 Qg5 25. Rd3 h5 26. Qd1 $2 Qe3+ $17 {Nikolaidis,I-Zilberstein,V/St.
Petersburg op 1993/1/2-1/2 (60)}) 12... Qh4 $2 {This ambitious move leads to a
situation when Black fails to recapture the pawn!} (12... Bxe5) 13. Bf4 Rd8 (
13... g5 $5 {enables Black to take back the pawn and even win another one but
seriously weakens his king:} 14. Bg3 Qxe4 15. O-O Bxe5 16. Ra4 Qf5 17. Bxe5
Qxe5 18. Ng3 $44) 14. Qc2 Qe7 15. Be3 {[%cal Rf2f4]} Qxe5 16. Rxa7 Rxa7 17.
Bxa7 c5 18. f4 Qd6 19. e5 Qd5 20. Bxb8 Rxb8 21. O-O $16 {Black has no
sufficient compensation for the pawn.} Rd8 22. c4 Qd3 (22... Qd2 23. Qxd2 Rxd2
24. Nc3 $16) 23. Qxd3 Rxd3 24. Rf3 Rxf3 $2 {A rook retreat would be more
stubborn as now Black is completely hopeless.} 25. gxf3 {In this endgame
White's extra (although double) pawn is essencial. Besides, he has two other
important advantages: 1)his king comes first to the centre (e4) and 2)the c5
pawn is on a black square (and, therefore, the d5 square is weak). All these
advantages taken together are sufficient for a victory.} f6 26. exf6 Bh6 (26...
Bxf6 27. Kf2) 27. Kf2 Kf7 28. Ke3 Kxf6 29. Ke4 Bf8 30. h3 Be7 31. Nc3 Bd6 32.
Nd5+ Ke6 33. Ne3 Kf6 34. f5 {Creating a passed pawn, which will distract the
black king and allow his white counterpart to powerfully invade do d5 and
later move to the b7 pawn (an elementary study of "two weaknesses").} Kg5 35.
fxg6 hxg6 36. Ng2 Bg3 37. f4+ (37. f4+ Kf6 38. Ne3 $18 {[%cal Yf4f5]}) 1-0

[Event "Monarch Assurance 08th"]
[Site "Port Erin"]
[Date "1999.11.11"]
[Round "6"]
[White "Kiriakov, Petr"]
[Black "Kudrin, Sergey"]
[Result "1/2-1/2"]
[WhiteElo "2554"]
[BlackElo "2525"]
[Annotator "Krasenkow,M"]
[PlyCount "103"]
[EventDate "1999.11.06"]
[EventType "swiss"]
[EventRounds "9"]
[EventCountry "IOM"]
[SourceTitle "CBM 074"]
[Source "ChessBase"]
[SourceDate "2000.02.01"]
[SourceVersion "1"]
[SourceVersionDate "2000.02.01"]
[SourceQuality "1"]

1. d4 Nf6 2. c4 g6 3. Nc3 d5 4. Nf3 Bg7 5. cxd5 Nxd5 6. e4 Nxc3 7. bxc3 c5 8.
Rb1 O-O 9. Be2 b6 {A bit passive line but no refutation has been found so far.}
10. O-O Bb7 11. Qd3 Ba6 12. Qe3 e6 {preventing d4-d5 but delaying his
development} (12... Qd7 $1 {[%cal Yd7a4] is a better option} 13. Bxa6 $140 Nxa6
14. Qe2 Qa4) 13. dxc5 $6 {After this capture Black usually obtains sufficient
compensation for the pawn as the white a2 and c3 pawns become weak.} (13. Rd1
cxd4 14. cxd4 Bxe2 (14... Qd7 $142) 15. Qxe2 Qd7 16. d5 exd5 17. exd5 Re8 18.
Qc4 Qf5 19. Bb2 Bxb2 20. Rxb2 Nd7 21. d6 Ne5 22. Nxe5 Qxe5 23. Rc2 Rad8 24. d7
Re7 25. h3 Kg7 26. Rcd2 Qc5 27. Qh4 $16 {Novikov,I-Banas,J/Kuopio op 1992/1-0 
(42)}) (13. Bxa6 Nxa6 14. Qe2 $1 {As Black can't yet play 14...Qa4, White
manages to push the black knight} (14. Rd1 Qd7 $1 15. Qe2 Qa4 16. Bg5 cxd4 $1 (
16... Rfe8 $6 17. Qd2 f6 18. Bh6 Rad8 19. Bxg7 Kxg7 20. e5 $1 f5 21. Qg5 Qd7
22. Qf6+ Kg8 23. h4 Qe7 24. Ng5 cxd4 25. Rxd4 Rxd4 26. cxd4 Nc7 27. h5 $1 $16 {
Ftacnik,L-Banas,I/Passau 1994/1-0 (44)}) (16... h6 17. Be7 Rfe8 18. Bd6 Rad8
19. e5 $13) 17. cxd4 Rfc8 18. Rd2 Rc4 $36 {Ftacnik,L}) 14... Qc8 (14... Nb8 15.
Rd1 $14) 15. a4 (15. Bg5 $5) 15... Nb8 16. Ba3 Nd7 17. e5 Qc6 18. Qb5 Rfc8 19.
Rfd1 Rc7 20. Qxc6 Rxc6 21. d5 exd5 22. Rxd5 Nf8 23. c4 Ne6 24. Bb2 Rd8 25. Rbd1
Rcc8 {Pelletier,Y-Banas,J/Mitropa Cup 1995/1-0 (62)}) 13... Bxe2 14. Qxe2 Qc7
$1 ({Black should never hurry with the recapture on c5 with his b6 pawn in
such positions. The black c5 pawn is quite weak and disturbs his own pieces.
On the other hand, c5xb6 a7xb6 opens up the a- and c-files for the black major
pieces, after which White is practically unable to defend his a2 and c3 pawns.
Now} 14... bxc5 {is insufficient for equality, e.g.} 15. Bf4 Qc8 16. Bd6 Rd8
17. e5 Qc6 18. h4 Nd7 19. c4 $16 {Lerner,K-Gorelov,S/USSR 1982}) 15. cxb6 axb6
16. Be3 Nd7 17. Rfc1 (17. Bd4 Rfc8 18. Rfd1 Bh6 19. h3 Qc4 20. Rb2 Qxe2 21.
Rxe2 Ra5 $44 22. Rb2 e5 23. Be3 Bxe3 24. Rxd7 Bh6 25. Rd3 Rc4 26. Nd2 Bxd2 27.
Rdxd2 Ra6 28. f3 {1/2-1/2 Khalifman,A-Kudrin,S/NY op 1998}) 17... Ra4 18. Rb4
Rfa8 19. Rxa4 Rxa4 20. c4 Qc6 {[%csl Ra2,Rc4,Re4] A typical position has
arisen: White is a pawn up but he can't make use of his advantage because of
his weak pawns.} 21. Rd1 Nf8 22. e5 Rxc4 23. Bxb6 Rc2 24. Nd4 Rxe2 25. Nxc6
Rxa2 26. f4 h6 27. Be3 Re2 28. Rd3 Rc2 29. Rd6 Re2 30. Bd2 Re4 31. Kf2 Rc4 32.
g3 Nh7 33. Rd8+ Bf8 34. Rc8 Kg7 35. Ke3 Ba3 36. Kd3 Rc5 37. Be3 Rd5+ 38. Kc4
Rd7 39. Bd4 h5 40. Ra8 Bf8 41. Rb8 Kh6 42. h4 Kg7 43. Kb5 Ba3 44. Ra8 Bf8 45.
Ra4 Be7 46. Ka6 Bf8 47. Rc4 Ba3 48. Kb6 Be7 49. Nb8 Rd5 50. Kc7 Bd8+ 51. Kc6
Ba5 52. Bc3 1/2-1/2